000 00548nam a2200169 i 4500
001 bg
100 1 _aDEMENKO, Grażyna
245 0 _aStatystyczne własności rozkładów chwilowych wartości parametru F w mowie ciągłej /
_cGrażyna Demenko.
260 _aWarszawa,
_c1980.
490 1 _aPrace Instytutu Podstawowych Problemów Techniki PAN ;
_v31
830 _aPrace Instytutu Podstawowych Problemów Techniki PAN ;
040 _cBPK
041 _apol
080 _a534:681.322
942 _cKS
008 s pl f |000 0 pol
999 _c20848
_d20848
856 _uhttp://koha.tu.koszalin.pl/cgi-bin/koha/opac-detail.pl?biblionumber=20848
_yKatalog online BPK